书目信息 |
| 题名: |
明明白白看化验单
|
|
| 作者: | 熊立凡 , 王鸿利 主编 | |
| 分册: | ||
| 出版信息: | 上海 上海科技出版社 2003.12 |
|
| 页数: | 17, 311页 | |
| 开本: | 19cm | |
| 丛书名: | ||
| 单 册: | ||
| 中图分类: | R446 | |
| 科图分类: | ||
| 主题词: | 实验室诊断--shi yan shi zhen duan--基本知识 | |
| 电子资源: | ||
| ISBN: | 7-5323-7257-X | |
| 000 | 00943nam0 2200253 45 | |
| 001 | 012007656478 | |
| 005 | 20071106102333.32 | |
| 010 | @a7-5323-7257-X@dCNY18.00 | |
| 100 | @a20070924d2003 km y0chiy0120 ea | |
| 101 | @achi | |
| 102 | @aCN@b110000 | |
| 105 | @ay z 001yy | |
| 106 | @ar | |
| 200 | 1 | @a明明白白看化验单@Aming ming bai bai kan hua yan dan@f熊立凡, 王鸿利主编@Fxiong li fan,wang hong li zhu bian |
| 210 | @a上海@c上海科技出版社@d2003.12 | |
| 215 | @a17, 311页@d19cm | |
| 320 | @a有索引。 | |
| 330 | @a本书包括化验单的基本知识、常用检查项目、常见疾病的检验等三大部分。可从书中了解到化验单的基本常识,懂得如何采取正确的方法留取血液、尿液、粪便等标本供化验,并避免外在因素影响化验结果等内容。 | |
| 606 | 0 | @a实验室诊断@Ashi yan shi zhen duan@x基本知识 |
| 690 | @aR446@v4 | |
| 701 | 0 | @a熊立凡@Axiong li fan@4主编 |
| 701 | 0 | @a王鸿利@Awang hong li@4主编 |
| 801 | 0 | @aCN@b@c20071106 |
| 905 | @b263001-03@dR446@eX641@f3 | |
| 明明白白看化验单/熊立凡, 王鸿利主编.-上海:上海科技出版社,2003.12 |
| 17, 311页;19cm |
| ISBN 7-5323-7257-X:CNY18.00 |
| 本书包括化验单的基本知识、常用检查项目、常见疾病的检验等三大部分。可从书中了解到化验单的基本常识,懂得如何采取正确的方法留取血液、尿液、粪便等标本供化验,并避免外在因素影响化验结果等内容。 |
| ● |
| 相关链接 |
|
|
|
正题名:明明白白看化验单
索取号:R446/X641
 
预约/预借
| 序号 | 登录号 | 条形码 | 馆藏地/架位号 | 状态 | 备注 |
| 1 | 263001 | 202630019 | 自科库401/401自科库 16排4列5层/ [索取号:R446/X641] | 在馆 | |
| 2 | 263002 | 202630028 | 期刊室512/401自科库 16排4列5层/ [索取号:R446/X641] | 在馆 | |
| 3 | 263003 | 202630037 | 自科库401/401自科库 16排4列5层/ [索取号:R446/X641] | 在馆 |